<?xml version="1.0" encoding="UTF-8"?>
<record
    xmlns:xsi="http://www.w3.org/2001/XMLSchema-instance"
    xsi:schemaLocation="http://www.loc.gov/MARC21/slim http://www.loc.gov/standards/marcxml/schema/MARC21slim.xsd"
    xmlns="http://www.loc.gov/MARC21/slim">

  <leader>00722nam a22002057a 4500</leader>
  <datafield tag="999" ind1=" " ind2=" ">
    <subfield code="c">290025</subfield>
    <subfield code="d">290025</subfield>
  </datafield>
  <controlfield tag="003">OSt</controlfield>
  <datafield tag="020" ind1=" " ind2=" ">
    <subfield code="a">9789352825806</subfield>
  </datafield>
  <datafield tag="082" ind1=" " ind2=" ">
    <subfield code="a">153.2</subfield>
    <subfield code="b">SHA/AP</subfield>
  </datafield>
  <datafield tag="100" ind1=" " ind2=" ">
    <subfield code="a">Shakuntala Devi</subfield>
  </datafield>
  <datafield tag="245" ind1=" " ind2=" ">
    <subfield code="a">Apara ormasakthi nedam pariseelikkam</subfield>
    <subfield code="b">/&#xD05;&#xD2A;&#xD3E;&#xD30; &#xD13;&#xD30;&#xD4D;&#x200D;&#xD2E;&#xD4D;&#xD2E;&#xD36;&#xD15;&#xD4D;&#xD24;&#xD3F; &#xD28;&#xD47;&#xD1F;&#xD02;, &#xD2A;&#xD30;&#xD3F;&#xD36;&#xD40;&#xD32;&#xD3F;&#xD15;&#xD4D;&#xD15;&#xD3E;&#xD02;</subfield>
  </datafield>
  <datafield tag="260" ind1=" " ind2=" ">
    <subfield code="a">Kottayam</subfield>
    <subfield code="b">D C Books</subfield>
    <subfield code="c">2019</subfield>
  </datafield>
  <datafield tag="300" ind1=" " ind2=" ">
    <subfield code="a">230p.</subfield>
  </datafield>
  <datafield tag="500" ind1=" " ind2=" ">
    <subfield code="a">Apara ormasakthi nedam pariseelikkam</subfield>
  </datafield>
  <datafield tag="500" ind1=" " ind2=" ">
    <subfield code="a">Apara ormma sakthi nedaam parisheelikkam</subfield>
  </datafield>
  <datafield tag="500" ind1=" " ind2=" ">
    <subfield code="a">&#xD05;&#xD2A;&#xD3E;&#xD30; &#xD13;&#xD30;&#xD4D;&#x200D;&#xD2E;&#xD4D;&#xD2E;&#xD36;&#xD15;&#xD4D;&#xD24;&#xD3F; &#xD28;&#xD47;&#xD1F;&#xD02;, &#xD2A;&#xD30;&#xD3F;&#xD36;&#xD40;&#xD32;&#xD3F;&#xD15;&#xD4D;&#xD15;&#xD3E;&#xD02;</subfield>
  </datafield>
  <datafield tag="546" ind1=" " ind2=" ">
    <subfield code="a">Malayalam</subfield>
  </datafield>
  <datafield tag="650" ind1=" " ind2=" ">
    <subfield code="a">Self Help</subfield>
  </datafield>
  <datafield tag="700" ind1=" " ind2=" ">
    <subfield code="a">Toms Varghese Tr.</subfield>
  </datafield>
  <datafield tag="942" ind1=" " ind2=" ">
    <subfield code="2">ddc</subfield>
    <subfield code="c">BK</subfield>
  </datafield>
  <datafield tag="952" ind1=" " ind2=" ">
    <subfield code="0">0</subfield>
    <subfield code="1">0</subfield>
    <subfield code="2">ddc</subfield>
    <subfield code="4">0</subfield>
    <subfield code="7">0</subfield>
    <subfield code="8">Gen</subfield>
    <subfield code="a">KAUCLV</subfield>
    <subfield code="b">KAUCLV</subfield>
    <subfield code="c">GENERAL</subfield>
    <subfield code="d">2022-11-30</subfield>
    <subfield code="g">250.00</subfield>
    <subfield code="l">5</subfield>
    <subfield code="m">3</subfield>
    <subfield code="o">153.2 SHA/AP</subfield>
    <subfield code="p">232182</subfield>
    <subfield code="r">2024-07-01 00:00:00</subfield>
    <subfield code="s">2024-07-01</subfield>
    <subfield code="y">BK</subfield>
  </datafield>
</record>
